[Event "XII. DBMM Schach"]
[Site "Berlin"]
[Date "2012.10.12"]
[Round "4.3"]
[White "Nitsch, Norbert"]
[Black "Mayer, Herbert"]
[Result "1/2-1/2"]
[WhiteElo "1708"]
[BlackElo "1839"]
[Annotator "rs"]
[PlyCount "223"]
[EventDate "2012.??.??"]
[Source "FV Schach e.V."]
[SourceDate "2012.10.14"]
[WhiteTeam "W&W Wuestenrot&Württemb. Stuttg."]
[BlackTeam "SV OSRAM Berlin II"]
[WhiteTeamCountry "GER"]
[BlackTeamCountry "GER"]

1. c4 Nf6 2. Nc3 g6 3. b3 Bg7 4. Bb2 O-O 5. g3 d5 6. cxd5 Nxd5 7. Qc1 c6 8. Bg2
e5 9. d3 Na6 10. Nf3 Re8 11. O-O Nac7 12. Qd2 Nxc3 13. Qxc3 Nd5 14. Qd2 Bg4 15.
Rad1 Qe7 16. Rfe1 Rad8 17. Qc1 Qd7 18. Nd2 Bh3 19. Qc4 Be6 20. Qc2 Bh3 21. Qc4
Bxg2 22. Kxg2 Qe7 23. Qc2 Qc7 24. Kg1 Qb6 25. Nc4 Qc7 26. Nd2 Bf8 27. a3 f6 28.
Rc1 Bh6 29. Rcd1 Qd7 30. Kg2 Re6 31. Nc4 Bf8 32. Kg1 Qf7 33. Qd2 Nc7 34. Qe3 b6
35. Qc1 Nd5 36. Qc2 Bh6 37. Kg2 Rde8 38. Nd2 f5 39. e4 Nf6 40. d4 exd4 41. Bxd4
Nxe4 42. Nxe4 fxe4 43. Be3 Bf8 44. b4 Bg7 45. Rd2 Qf6 46. Bd4 Qf3+ 47. Kg1 Bh6
48. Be3 Bxe3 49. Rxe3 Qf6 50. Rd7 R8e7 51. Rd8+ Kg7 52. Qc4 Rf7 53. Rd2 Rfe7
54. Rd4 Qf5 55. Rd8 Qe5 56. Kg2 c5 57. Rd5 Qb2 58. bxc5 Rf6 59. Re2 Qxa3 60.
cxb6 Qf3+ 61. Kg1 Rxb6 62. Qd4+ Kh6 63. Qe3+ Qxe3 64. Rxe3 Rb1+ 65. Kg2 Rb2 66.
Ra5 Rf7 67. Rxe4 Rfxf2+ 68. Kh3 Rxh2+ 69. Kg4 Rb7 70. Rea4 Rhb2 71. Rxa7 R2b4+
72. Rxb4 Rxa7 73. Rc4 Re7 74. Ra4 Kg7 75. Kh4 h6 76. Kg4 Re5 77. Ra7+ Kf6 78.
Ra6+ Re6 79. Ra4 h5+ 80. Kh4 Re8 81. Ra6+ Kf5 82. Ra5+ Kf6 83. Ra6+ Kg7 84. Kh3
Kh6 85. Rb6 Re5 86. Rb4 Kg5 87. Rf4 Rf5 88. Ra4 Rb5 89. Rc4 Re5 90. Ra4 Kh6 91.
Ra6 Re1 92. Rb6 Rf1 93. Rb8 Kg5 94. Rb5+ Rf5 95. Rb6 Re5 96. Rb8 Kf6 97. Rf8+
Kg7 98. Ra8 g5 99. Ra6 Rf5 100. Ra8 Re5 101. Ra6 Re3 102. Kg2 Rd3 103. Ra7+ Kf6
104. Ra6+ Kf5 105. Ra5+ Kf6 106. Ra6+ Ke5 107. Rh6 Kf5 108. Ra6 Rd4 109. Kh3
Rd5 110. Rh6 g4+ 111. Kh4 Ke4 112. Rxh5 1/2-1/2

[Event "XII. DBMM Schach"]
[Site "Berlin"]
[Date "2012.10.12"]
[Round "4.4"]
[White "Schlittermann, Wolfgang"]
[Black "Krambeer, Bernd"]
[Result "0-1"]
[WhiteElo "1756"]
[BlackElo "1644"]
[Annotator "rs"]
[PlyCount "106"]
[EventDate "2012.??.??"]
[Source "FV Schach e.V."]
[SourceDate "2012.10.14"]
[WhiteTeam "SV OSRAM Berlin II"]
[BlackTeam "W&W Wuestenrot&Württemb. Stuttg."]
[WhiteTeamCountry "GER"]
[BlackTeamCountry "GER"]

1. Nf3 d5 2. d4 Nf6 3. e3 g6 4. c4 e6 5. cxd5 exd5 6. Nc3 Bg7 7. Be2 c6 8. b4
O-O 9. O-O Bf5 10. b5 cxb5 11. Ba3 Re8 12. Bxb5 Nbd7 13. Qb3 a6 14. Bxd7 Bxd7
15. Nxd5 Bc6 16. Nxf6+ Bxf6 17. Qd1 Qd5 18. Bc5 Re4 19. Qb3 Qf5 20. Qc2 Qh5 21.
Rfd1 Rg4 22. Ne1 Rxg2+ 23. Nxg2 Qf3 24. Kf1 Qxg2+ 25. Ke1 Bf3 26. Rdc1 Qg1+ 27.
Kd2 Qxf2+ 28. Kc3 Qxe3+ 29. Qd3 Qxd3+ 30. Kxd3 Bd5 31. a4 Bh4 32. Rg1 Re8 33.
Rg4 g5 34. Rf1 Kg7 35. Bd6 h5 36. Rgg1 g4 37. Be5+ f6 38. Bf4 b5 39. axb5 axb5
40. Ra1 Bf2 41. Rgc1 Bc4+ 42. Kc3 Re4 43. Ra7+ Kg6 44. Bb8 Bxd4+ 45. Kb4 Bxa7
46. Bxa7 f5 47. Kc3 f4 48. Rg1 f3 49. h3 Kf5 50. hxg4+ hxg4 51. Rg3 Re2 52. Rg1
f2 53. Rf1 g3 0-1

[Event "XII. DBMM Schach"]
[Site "Berlin"]
[Date "2012.10.12"]
[Round "4.1"]
[White "Welz, Peter"]
[Black "Hamann, Martin"]
[Result "0-1"]
[WhiteElo "2057"]
[BlackElo "1891"]
[Annotator "rs"]
[PlyCount "60"]
[EventDate "2012.??.??"]
[Source "FV Schach e.V."]
[SourceDate "2012.10.14"]
[WhiteTeam "Deutsche Bahn/BSW Berlin"]
[BlackTeam "Bayer Berlin"]
[WhiteTeamCountry "GER"]
[BlackTeamCountry "GER"]

1. e4 Nf6 2. e5 Nd5 3. d4 d6 4. c4 Nb6 5. f4 dxe5 6. fxe5 Nc6 7. Be3 Bf5 8. Nc3
e6 9. Nf3 Qd7 10. Be2 O-O-O 11. c5 Nd5 12. Nxd5 Qxd5 13. O-O f6 14. exf6 gxf6
15. Rc1 Qe4 16. Bf2 e5 17. Nd2 Qf4 18. g3 Qh6 19. Nf3 Bh3 20. Re1 e4 21. Nh4 f5
22. Ng2 Bxg2 23. Kxg2 e3 24. Bg1 Nxd4 25. c6 Nxc6 26. Qc2 Qe6 27. Bf3 Rd2+ 28.
Re2 Rxc2 29. Rexc2 Bd6 30. h3 Rg8 0-1

[Event "XII. DBMM Schach"]
[Site "Berlin"]
[Date "2012.10.12"]
[Round "4.2"]
[White "Lehmann, Lutz"]
[Black "Rollwitz, Juergen"]
[Result "1/2-1/2"]
[WhiteElo "1802"]
[BlackElo "1841"]
[Annotator "rs"]
[PlyCount "65"]
[EventDate "2012.??.??"]
[Source "FV Schach e.V."]
[SourceDate "2012.10.14"]
[WhiteTeam "Bayer Berlin"]
[BlackTeam "Deutsche Bahn/BSW Berlin"]
[WhiteTeamCountry "GER"]
[BlackTeamCountry "GER"]

1. d4 d6 2. g3 e5 3. Bg2 c6 4. Nc3 Nf6 5. e4 Be7 6. Nf3 Nbd7 7. O-O O-O 8. h3
Qc7 9. Be3 a6 10. a4 b6 11. Qd2 Bb7 12. Nh4 g6 13. Bg5 Rfe8 14. f4 Nh5 15. Bxe7
Rxe7 16. Ne2 f6 17. fxe5 dxe5 18. g4 Ng7 19. Ra3 Rf8 20. d5 Qd6 21. Kh1 Ref7
22. c4 Rc8 23. Raf3 Rcf8 24. b4 c5 25. b5 a5 26. Qe1 Bc8 27. Qg3 Nb8 28. R1f2
g5 29. Nf5 Bxf5 30. exf5 Ne8 31. Nc3 Qc7 32. Ne4 Nd6 33. Rc3 1/2-1/2

[Event "XII. DBMM Schach"]
[Site "Berlin"]
[Date "2012.10.12"]
[Round "4.3"]
[White "Pitt, Wolfgang"]
[Black "Duric, Rajko"]
[Result "1/2-1/2"]
[WhiteElo "1877"]
[BlackElo "1694"]
[Annotator "rs"]
[PlyCount "104"]
[EventDate "2012.??.??"]
[Source "FV Schach e.V."]
[SourceDate "2012.10.14"]
[WhiteTeam "Deutsche Bahn/BSW Berlin"]
[BlackTeam "Bayer Berlin"]
[WhiteTeamCountry "GER"]
[BlackTeamCountry "GER"]

1. c4 d6 2. g3 Nf6 3. Bg2 c6 4. Nc3 e5 5. e4 Be6 6. d3 Be7 7. Nge2 O-O 8. O-O
Qc8 9. f4 Bh3 10. f5 Bxg2 11. Kxg2 h6 12. Be3 Ng4 13. Bg1 Bg5 14. h3 Ne3+ 15.
Bxe3 Bxe3 16. Rf3 Bd4 17. Nxd4 exd4 18. Ne2 c5 19. Nf4 Nc6 20. Nd5 Qd8 21. f6
g6 22. Rf4 Ne5 23. Qd2 g5 24. Rf5 Kh7 25. Rxg5 Rg8 26. Rf5 Ng6 27. Rh5 Qf8 28.
Rf1 Re8 29. Ne7 Nxe7 30. fxe7 Rxe7 31. Qf4 Rg6 32. Rf5 Qg7 33. g4 Kg8 34. Kg3
Rd7 35. h4 f6 36. h5 Rg5 37. Rxf6 Rxh5 38. Rf8+ Kh7 39. Rf7 Rxf7 40. Qxf7 Rg5
41. Qxg7+ Rxg7 42. Rf5 Kg6 43. Kf4 Re7 44. a3 Re6 45. b4 b6 46. b5 Rf6 47. a4
Re6 48. Kg3 Kg7 49. Kh4 Re7 50. g5 hxg5+ 51. Kxg5 Re6 52. Kf4 Rf6 1/2-1/2

[Event "XII. DBMM Schach"]
[Site "Berlin"]
[Date "2012.10.12"]
[Round "4.4"]
[White "Abraham, Helmut"]
[Black "Albinus, Guenter"]
[Result "0-1"]
[WhiteElo "1481"]
[BlackElo "1781"]
[Annotator "rs"]
[PlyCount "30"]
[EventDate "2012.??.??"]
[Source "FV Schach e.V."]
[SourceDate "2012.10.14"]
[WhiteTeam "Bayer Berlin"]
[BlackTeam "Deutsche Bahn/BSW Berlin"]
[WhiteTeamCountry "GER"]
[BlackTeamCountry "GER"]

1. Nf3 d5 2. c4 c6 3. b3 Bg4 4. e3 e6 5. Be2 Nf6 6. O-O Bd6 7. Nc3 O-O 8. d4
Nbd7 9. Bb2 Re8 10. Qc2 e5 11. dxe5 Nxe5 12. cxd5 Nxf3+ 13. gxf3 Bh3 14. Rfd1
Nxd5 15. Nxd5 Qg5+ 0-1

[Event "XII. DBMM Schach"]
[Site "Berlin"]
[Date "2012.10.12"]
[Round "4.1"]
[White "Weidl, Robert"]
[Black "Graudons, Karsten"]
[Result "1/2-1/2"]
[WhiteElo "1754"]
[BlackElo "2043"]
[Annotator "rs"]
[PlyCount "28"]
[EventDate "2012.??.??"]
[Source "FV Schach e.V."]
[SourceDate "2012.10.14"]
[WhiteTeam "ADAC Muenchen II"]
[BlackTeam "SG Bund Berlin II"]
[WhiteTeamCountry "GER"]
[BlackTeamCountry "GER"]

1. e4 c5 2. Nf3 e6 3. d4 cxd4 4. Nxd4 Nc6 5. Be3 Qc7 6. Nc3 a6 7. Be2 Nf6 8.
O-O Be7 9. f4 O-O 10. Qe1 Nxd4 11. Bxd4 d6 12. Qg3 Bd7 13. Rad1 Bc6 14. Bd3
Rad8 1/2-1/2

[Event "XII. DBMM Schach"]
[Site "Berlin"]
[Date "2012.10.12"]
[Round "4.2"]
[White "Trebbin, Wolfhard"]
[Black "Obermeier, Karlheinz"]
[Result "1-0"]
[WhiteElo "1960"]
[BlackElo "1575"]
[Annotator "rs"]
[PlyCount "81"]
[EventDate "2012.??.??"]
[Source "FV Schach e.V."]
[SourceDate "2012.10.14"]
[WhiteTeam "SG Bund Berlin II"]
[BlackTeam "ADAC Muenchen II"]
[WhiteTeamCountry "GER"]
[BlackTeamCountry "GER"]

1. d4 d5 2. Nf3 Nc6 3. g3 e6 4. Bg2 Nf6 5. O-O Be7 6. Nbd2 O-O 7. b3 a6 8. a3
Na7 9. Bb2 c5 10. c4 dxc4 11. Nxc4 Nc6 12. dxc5 Bxc5 13. b4 Be7 14. Qb3 Qc7 15.
Rac1 Nd7 16. Nce5 Bf6 17. Nxc6 bxc6 18. Bxf6 Nxf6 19. Nd4 Bb7 20. Nxc6 Qb6 21.
Na5 Bxg2 22. Kxg2 Rfd8 23. Rfd1 Rdb8 24. Qf3 Nd5 25. e4 Nf6 26. Rc6 Qb5 27. Rc5
Qa4 28. Rd6 Qe8 29. Rcc6 Nd7 30. Qc3 Nf6 31. f3 Rc8 32. Qd3 e5 33. Rxc8 Qxc8
34. Nc6 Qf8 35. Rd8 Rxd8 36. Qxd8 Ne8 37. Nxe5 f6 38. Qd5+ Kh8 39. Nf7+ Kg8 40.
Nd6+ Kh8 41. Qa8 1-0

[Event "XII. DBMM Schach"]
[Site "Berlin"]
[Date "2012.10.12"]
[Round "4.3"]
[White "Zunk, Olaf"]
[Black "Hoffbauer, Joerg"]
[Result "0-1"]
[WhiteElo "1464"]
[BlackElo "1744"]
[Annotator "rs"]
[PlyCount "76"]
[EventDate "2012.??.??"]
[Source "FV Schach e.V."]
[SourceDate "2012.10.14"]
[WhiteTeam "ADAC Muenchen II"]
[BlackTeam "SG Bund Berlin II"]
[WhiteTeamCountry "GER"]
[BlackTeamCountry "GER"]

1. e4 c5 2. Nf3 Nc6 3. Bc4 e6 4. c3 d5 5. exd5 exd5 6. Bb3 Nf6 7. O-O Be7 8. h3
Bf5 9. d4 O-O 10. Bg5 Ne4 11. Bxe7 Nxe7 12. Nbd2 Qd6 13. dxc5 Qxc5 14. Nd4 Bg6
15. N2f3 Qd6 16. Nb5 Qf4 17. Qc1 Qf6 18. Qe3 a6 19. Nbd4 Rfe8 20. Bc2 Nf5 21.
Qf4 Nxd4 22. Qxf6 Ne2+ 23. Kh1 Nxf6 24. Bxg6 hxg6 25. Nd2 Nf4 26. b4 Re2 27.
Nf3 Ne4 28. Kg1 Nxc3 29. Nd4 Re4 30. Nf3 Rxb4 31. a3 Re4 32. Kh2 b5 33. Nd2 Re2
34. Nb3 Ne4 35. Kg1 Rc8 36. Nd4 Rd2 37. Nf3 Rb2 38. Rad1 Rcc2 0-1

[Event "XII. DBMM Schach"]
[Site "Berlin"]
[Date "2012.10.12"]
[Round "4.4"]
[White "Roth, Joachim"]
[Black "Zunk, Steffi"]
[Result "1-0"]
[WhiteElo "1823"]
[BlackElo "784"]
[Annotator "rs"]
[PlyCount "49"]
[EventDate "2012.??.??"]
[Source "FV Schach e.V."]
[SourceDate "2012.10.14"]
[WhiteTeam "SG Bund Berlin II"]
[BlackTeam "ADAC Muenchen II"]
[WhiteTeamCountry "GER"]
[BlackTeamCountry "GER"]

1. c4 e5 2. g3 Nf6 3. Bg2 d6 4. Nc3 c6 5. d4 d5 6. dxe5 Nfd7 7. Nf3 Nb6 8. cxd5
cxd5 9. O-O Bc5 10. Bg5 Be7 11. Bxe7 Qxe7 12. Nxd5 Qd8 13. e4 Be6 14. Nd4 N8d7
15. Nb5 O-O 16. Rc1 Nxe5 17. Nbc7 Nbd7 18. Nxe6 fxe6 19. Nc7 Rc8 20. Nxe6 Qf6
21. Nxf8 Rxf8 22. Rc7 Qb6 23. Rxd7 Qb5 24. Qd5+ Qxd5 25. Rxd5 1-0

[Event "XII. DBMM Schach"]
[Site "Berlin"]
[Date "2012.10.12"]
[Round "4.1"]
[White "Kaliski, Achim"]
[Black "Radjenovic, Branko"]
[Result "1-0"]
[WhiteElo "2001"]
[BlackElo "1810"]
[Annotator "rs"]
[PlyCount "59"]
[EventDate "2012.??.??"]
[Source "FV Schach e.V."]
[SourceDate "2012.10.14"]
[WhiteTeam "Baubehoerde Hamburg II"]
[BlackTeam "Deutsche Telekom Berlin"]
[WhiteTeamCountry "GER"]
[BlackTeamCountry "GER"]

1. e4 c5 2. Nc3 Nc6 3. g3 g6 4. Bg2 Bg7 5. f4 d6 6. Nf3 Nf6 7. O-O Bg4 8. h3
Bd7 9. d3 O-O 10. Be3 Rc8 11. Qd2 Nh5 12. g4 Nf6 13. f5 Ne5 14. Bh6 Ne8 15.
Bxg7 Kxg7 16. Nd5 f6 17. Nf4 Qb6 18. c3 Rf7 19. Rac1 Nc7 20. Kh2 Rh8 21. c4 Be8
22. a3 a5 23. Rb1 Na6 24. Ne6+ Kg8 25. Nxe5 fxe5 26. fxg6 Rf6 27. g7 Bd7 28.
gxh8=Q+ Kxh8 29. Rxf6 exf6 30. Qh6 1-0

[Event "XII. DBMM Schach"]
[Site "Berlin"]
[Date "2012.10.12"]
[Round "4.2"]
[White "Norris, Ray"]
[Black "Raum, Norbert"]
[Result "0-1"]
[WhiteElo "1669"]
[BlackElo "1869"]
[Annotator "rs"]
[PlyCount "66"]
[EventDate "2012.??.??"]
[Source "FV Schach e.V."]
[SourceDate "2012.10.14"]
[WhiteTeam "Deutsche Telekom Berlin"]
[BlackTeam "Baubehoerde Hamburg II"]
[WhiteTeamCountry "GER"]
[BlackTeamCountry "GER"]

1. Nf3 Nf6 2. g3 d5 3. Bg2 c6 4. O-O Bf5 5. d3 e6 6. Nbd2 Be7 7. b3 Nbd7 8. Bb2
h6 9. c4 O-O 10. Re1 Qc7 11. Rc1 Rfe8 12. cxd5 exd5 13. e4 dxe4 14. dxe4 Bg4
15. Qc2 Bxf3 16. Nxf3 Bb4 17. Re2 Rad8 18. a3 Bf8 19. Qc4 Ng4 20. h3 Nge5 21.
Qc3 Nxf3+ 22. Bxf3 Ne5 23. Re3 Nxf3+ 24. Rxf3 Rxe4 25. Rf6 Rd6 26. Rf5 Qd7 27.
Qf3 Rde6 28. Kg2 Re1 29. Rc4 Rb1 30. Rd4 Qe8 31. Qc3 Ree1 32. Rdf4 Qe2 33. Qxe1
Qxe1 0-1

[Event "XII. DBMM Schach"]
[Site "Berlin"]
[Date "2012.10.12"]
[Round "4.3"]
[White "Hoffeins, Hans-Werner"]
[Black "Fischer, Elmar"]
[Result "1-0"]
[WhiteElo "1791"]
[BlackElo "1665"]
[Annotator "rs"]
[PlyCount "113"]
[EventDate "2012.??.??"]
[Source "FV Schach e.V."]
[SourceDate "2012.10.14"]
[WhiteTeam "Baubehoerde Hamburg II"]
[BlackTeam "Deutsche Telekom Berlin"]
[WhiteTeamCountry "GER"]
[BlackTeamCountry "GER"]

1. d3 e5 2. Nd2 Nf6 3. e4 Bc5 4. Be2 Nc6 5. c3 a6 6. Nb3 Ba7 7. Nf3 d6 8. O-O
h6 9. Nfd2 O-O 10. Nc4 Be6 11. Ne3 Qd7 12. h3 d5 13. exd5 Nxd5 14. Nxd5 Bxd5
15. Be3 b6 16. d4 e4 17. c4 Nb4 18. cxd5 f5 19. Qd2 a5 20. a4 Qd6 21. Bf4 Qxd5
22. Rac1 Nd3 23. Bxd3 exd3 24. Qxd3 Kh7 25. Bxc7 Rae8 26. Rfe1 Rxe1+ 27. Rxe1
Qd7 28. Qg3 Rf7 29. Be5 g5 30. f4 gxf4 31. Qxf4 Qxa4 32. Nd2 Qd7 33. Rc1 b5 34.
Nf3 Bb6 35. Kh2 b4 36. Qh4 Qe7 37. Qxe7 Rxe7 38. Rc6 Rb7 39. Bf4 Bd8 40. Rxh6+
Kg8 41. Be5 Ra7 42. h4 a4 43. Rg6+ Kh7 44. h5 a3 45. bxa3 b3 46. Nd2 b2 47. Nb1
Bc7 48. Bxc7 Rxc7 49. Rb6 Rd7 50. Rxb2 Rxd4 51. Rb4 Rd1 52. a4 Rd7 53. a5 Ra7
54. Rb5 f4 55. Nd2 Rd7 56. Nf3 Kh6 57. a6 1-0

[Event "XII. DBMM Schach"]
[Site "Berlin"]
[Date "2012.10.12"]
[Round "4.4"]
[White "Kleinwaechter, Manfred"]
[Black "Hein, Andrea"]
[Result "1-0"]
[WhiteElo "1586"]
[BlackElo "1470"]
[Annotator "rs"]
[PlyCount "115"]
[EventDate "2012.??.??"]
[Source "FV Schach e.V."]
[SourceDate "2012.10.14"]
[WhiteTeam "Deutsche Telekom Berlin"]
[BlackTeam "Baubehoerde Hamburg II"]
[WhiteTeamCountry "GER"]
[BlackTeamCountry "GER"]

1. e4 e5 2. Nf3 Nc6 3. Bb5 Nge7 4. O-O d6 5. c3 Bd7 6. d4 a6 7. Ba4 exd4 8.
cxd4 Ng6 9. Nc3 Be7 10. Be3 O-O 11. h3 Re8 12. Re1 h6 13. Rc1 Rb8 14. Ne2 Nh4
15. Ng3 Ng6 16. Bc2 Rc8 17. e5 dxe5 18. Bxg6 fxg6 19. dxe5 Be6 20. Qc2 Bb4 21.
Red1 Qe7 22. Qxg6 Qf7 23. Qxf7+ Bxf7 24. a3 Ba5 25. Bf4 g5 26. Be3 Nxe5 27.
Nxe5 Rxe5 28. b4 Rxe3 29. fxe3 Bb6 30. Nf5 Kh7 31. Rd7 Rf8 32. a4 Kg6 33. a5
Kxf5 34. axb6 cxb6 35. Rxb7 b5 36. Rb6 h5 37. Rxa6 Bc4 38. Rd1 Ke4 39. Ra3 Rf6
40. Rd4+ Ke5 41. Rc3 Rf1+ 42. Kh2 Re1 43. Rd7 Kf6 44. Rd2 Ke5 45. Rd4 Bf1 46.
Rc5+ Ke6 47. Rxg5 Rxe3 48. Rxh5 Rb3 49. Rc5 Rb2 50. Rf4 Bxg2 51. Kg3 Bd5 52.
Rxb5 Rb3+ 53. Kg4 Bg2 54. h4 Bh3+ 55. Kh5 Rg3 56. Rg5 Rb3 57. Kh6 Rb1 58. Kg7
1-0

[Event "XII. DBMM Schach"]
[Site "Berlin"]
[Date "2012.10.12"]
[Round "4.1"]
[White "Jacobsen, Ruediger"]
[Black "Bockelmann, Rolf"]
[Result "1/2-1/2"]
[WhiteElo "1541"]
[BlackElo "1743"]
[Annotator "rs"]
[PlyCount "61"]
[EventDate "2012.??.??"]
[Source "FV Schach e.V."]
[SourceDate "2012.10.14"]
[WhiteTeam "EADS Airbus Bremen"]
[BlackTeam "BA Berlin Tempelhof III"]
[WhiteTeamCountry "GER"]
[BlackTeamCountry "GER"]

1. e4 e5 2. Nc3 Nf6 3. Bc4 Nxe4 4. Bxf7+ Kxf7 5. Nxe4 d5 6. Qf3+ Ke8 7. Nc3 Be6
8. Qh5+ Bf7 9. Qxe5+ Be7 10. Nf3 Nc6 11. Qe2 Qd7 12. O-O Kd8 13. d4 Re8 14. Be3
Bh5 15. a3 Bf6 16. Qb5 Kc8 17. Qxd5 Qg4 18. h3 Qg6 19. Kh2 Bxf3 20. Qxf3 Qxc2
21. Qg4+ Kb8 22. Nd5 a5 23. Qd7 Rc8 24. Rfc1 Qe4 25. Rxc6 bxc6 26. Qxc6 Ra7 27.
Qc5 Rd8 28. Nxf6 gxf6 29. Rc1 Qe6 30. d5 Qd6+ 31. Qxd6 1/2-1/2

[Event "XII. DBMM Schach"]
[Site "Berlin"]
[Date "2012.10.12"]
[Round "4.2"]
[White "Lehmann, Michael"]
[Black "Hueners, Rolf"]
[Result "1-0"]
[WhiteElo "1663"]
[BlackElo "1410"]
[Annotator "rs"]
[PlyCount "145"]
[EventDate "2012.??.??"]
[Source "FV Schach e.V."]
[SourceDate "2012.10.14"]
[WhiteTeam "BA Berlin Tempelhof III"]
[BlackTeam "EADS Airbus Bremen"]
[WhiteTeamCountry "GER"]
[BlackTeamCountry "GER"]

1. c4 d6 2. Nc3 Nf6 3. g3 e6 4. Bg2 Be7 5. d3 O-O 6. e4 h6 7. Nge2 Nc6 8. O-O
e5 9. h3 Nd7 10. f4 Bf6 11. Nd5 Nd4 12. Nxd4 exd4 13. f5 Be5 14. Bf4 c6 15. Nb4
a5 16. Nc2 c5 17. Ne1 Nb8 18. Qd2 Bxf4 19. Qxf4 f6 20. h4 Nc6 21. g4 Ne5 22.
Bh3 Qe7 23. Rd1 Bd7 24. Rd2 a4 25. Rg2 Nf7 26. Nf3 Kh8 27. g5 Rg8 28. Rg3 b5
29. Rf2 bxc4 30. dxc4 Rab8 31. Rfg2 h5 32. gxf6 gxf6 33. Rxg8+ Rxg8 34. Rxg8+
Kxg8 35. Qg3+ Kh8 36. Nd2 Ne5 37. Kf1 Qg7 38. Qxg7+ Kxg7 39. Ke2 Kh6 40. Kd1
Be8 41. Kc2 Ng4 42. b3 axb3+ 43. Kxb3 Nf2 44. Bg2 Nd3 45. Bf1 Nf2 46. a4 Bc6
47. Bg2 Ng4 48. a5 Ne5 49. a6 Nd7 50. Ka3 Nb8 51. a7 Na6 52. Bf3 Nb4 53. Bd1
Ba8 54. Ka4 Nc6 55. Kb5 Nxa7+ 56. Kb6 Nc8+ 57. Kc7 Ne7 58. Kxd6 Bxe4 59. Kxe7
Bxf5 60. Kxf6 Bg4 61. Bb3 Kh7 62. Ne4 Kg8 63. Nxc5 Be2 64. Ke5 d3 65. Ne4 Kf7
66. c5+ Ke7 67. Ba4 Bf3 68. Nd2 Be2 69. Bb5 Kf7 70. Kd4 Ke6 71. Bxd3 Bxd3 72.
Kxd3 Kd5 73. Nb3 1-0

[Event "XII. DBMM Schach"]
[Site "Berlin"]
[Date "2012.10.12"]
[Round "4.3"]
[White "Dallmann, Karl"]
[Black "Koerting, Klaus"]
[Result "0-1"]
[WhiteElo "1400"]
[BlackElo "1643"]
[Annotator "rs"]
[PlyCount "48"]
[EventDate "2012.??.??"]
[Source "FV Schach e.V."]
[SourceDate "2012.10.14"]
[WhiteTeam "EADS Airbus Bremen"]
[BlackTeam "BA Berlin Tempelhof III"]
[WhiteTeamCountry "GER"]
[BlackTeamCountry "GER"]

1. e4 d5 2. exd5 Qxd5 3. Nc3 Qa5 4. Nf3 Bf5 5. Bc4 Nf6 6. d3 c6 7. a3 e6 8. b4
Bxb4 9. axb4 Qxa1 10. Na2 a5 11. b5 cxb5 12. Bxb5+ Nc6 13. Bc4 Bg4 14. O-O O-O
15. Qe2 Bxf3 16. Qxf3 Qd4 17. Be3 Qd7 18. Qg3 Ne7 19. Nc3 Nf5 20. Qf3 Qc6 21.
Qxc6 bxc6 22. Bb6 Nd5 23. Nxd5 cxd5 24. Ra1 dxc4 0-1

[Event "XII. DBMM Schach"]
[Site "Berlin"]
[Date "2012.10.12"]
[Round "4.4"]
[White "Warnest, Stefan"]
[Black "Waltz, Juergen"]
[Result "0-1"]
[WhiteElo "1470"]
[BlackElo "1400"]
[Annotator "rs"]
[PlyCount "80"]
[EventDate "2012.??.??"]
[Source "FV Schach e.V."]
[SourceDate "2012.10.14"]
[WhiteTeam "BA Berlin Tempelhof III"]
[BlackTeam "EADS Airbus Bremen"]
[WhiteTeamCountry "GER"]
[BlackTeamCountry "GER"]

1. e4 c5 2. Nf3 Nc6 3. d4 cxd4 4. Nxd4 g6 5. Be3 Bg7 6. Nc3 e6 7. Bc4 Nf6 8. f3
O-O 9. Qd2 d5 10. exd5 exd5 11. Nxc6 bxc6 12. Bb3 Be6 13. O-O-O Qa5 14. Ne2
Qxd2+ 15. Rxd2 Rfd8 16. Nd4 Rac8 17. Nxe6 fxe6 18. Bxa7 c5 19. Kb1 Bf8 20. c3
Rc6 21. c4 Ra6 22. Bxc5 Bxc5 23. Rhd1 Rad6 24. g4 d4 25. Bc2 e5 26. g5 Nh5 27.
Be4 Nf4 28. b3 Bb4 29. Rf2 Kg7 30. a4 d3 31. Ra2 Ne2 32. Bd5 Nc3+ 33. Ka1 Nxd1
34. a5 Ne3 35. a6 Nxd5 36. cxd5 Rxd5 37. a7 Ra8 38. Kb2 Bc5 39. Kc3 Rxa7 40.
Rxa7+ Bxa7 0-1

[Event "XII. DBMM Schach"]
[Site "Berlin"]
[Date "2012.10.12"]
[Round "4.2"]
[White "Sagol, Buelent Erol"]
[Black "Cagnoli, Michele"]
[Result "0-1"]
[WhiteElo "1541"]
[BlackElo "1556"]
[Annotator "rs"]
[PlyCount "120"]
[EventDate "2012.??.??"]
[Source "FV Schach e.V."]
[SourceDate "2012.10.14"]
[WhiteTeam "Team DBMM Berlin"]
[BlackTeam "Europ. Patentamt MUC III"]
[WhiteTeamCountry "GER"]
[BlackTeamCountry "GER"]

1. e4 e6 2. d4 d5 3. exd5 exd5 4. Qe2+ Be6 5. Qb5+ Nc6 6. Qxb7 Bd7 7. c3 Nf6 8.
Qa6 Rb8 9. Qe2+ Be7 10. Nf3 O-O 11. Qc2 Re8 12. Be2 Bd6 13. O-O Qe7 14. Re1 Bg4
15. Be3 Ne4 16. Nbd2 f5 17. Nb3 f4 18. Bd2 Bf5 19. Bd3 Qf6 20. c4 Nb4 21. Bxb4
Bxb4 22. Re2 Bf8 23. cxd5 Nd6 24. Bxf5 Rxe2 25. Qxe2 Qxf5 26. Qe6+ Kh8 27. Qxf5
Nxf5 28. Re1 Bd6 29. Ne5 Kg8 30. Nc6 Rb5 31. Ne5 Rxd5 32. Re4 Nxd4 33. Rxd4
Rxd4 34. Nxd4 Bxe5 35. Nc6 Bxb2 36. Nxa7 Kf7 37. Kf1 c5 38. Ke2 c4 39. Kd2 Bf6
40. Nb5 Ke6 41. a4 Bd8 42. Kc3 Kd5 43. Kb4 Be7+ 44. Kc3 Bd8 45. Kb4 Be7+ 46.
Kc3 Kc5 47. Na3 Bf6+ 48. Kc2 Kb4 49. Nb1 Kxa4 50. Nd2 Kb4 51. f3 h6 52. g4 g5
53. h3 Be5 54. Ne4 c3 55. Nf2 Kc4 56. Ne4 Kd4 57. Nxc3 Ke3 58. Nd1+ Kxf3 59.
Kd2 Bd4 60. Ke1 Kg3 0-1

[Event "XII. DBMM Schach"]
[Site "Berlin"]
[Date "2012.10.12"]
[Round "4.3"]
[White "Milak, Adela"]
[Black "Kretzschmar, Jan"]
[Result "0-1"]
[WhiteElo "1463"]
[BlackElo "1664"]
[Annotator "rs"]
[PlyCount "64"]
[EventDate "2012.??.??"]
[Source "FV Schach e.V."]
[SourceDate "2012.10.14"]
[WhiteTeam "Europ. Patentamt MUC III"]
[BlackTeam "Team DBMM Berlin"]
[WhiteTeamCountry "GER"]
[BlackTeamCountry "GER"]

1. e4 c5 2. Nf3 d6 3. d4 cxd4 4. Nxd4 Nf6 5. Bd3 e5 6. Nf5 Bxf5 7. exf5 d5 8.
Bg5 a6 9. Nc3 Bb4 10. a3 Bxc3+ 11. bxc3 Qc7 12. O-O Nbd7 13. Rb1 O-O 14. Qe1 e4
15. Be2 b5 16. f4 Rac8 17. Rb3 Ne8 18. Qg3 Nc5 19. Bh6 Nxb3 20. Bxg7 Nxg7 21.
f6 Qb6+ 22. Kh1 Qxf6 23. cxb3 Rxc3 24. Qf2 d4 25. Bg4 Rxb3 26. Re1 Rxa3 27. g3
e3 28. Qg2 Rd8 29. Qb2 Rc3 30. Qa1 Qc6+ 31. Kg1 Rc2 32. Bh3 Qf3 0-1

[Event "XII. DBMM Schach"]
[Site "Berlin"]
[Date "2012.10.12"]
[Round "4.1"]
[White "Wirth, Volker"]
[Black "Bangert, Udo"]
[Result "0-1"]
[WhiteElo "1762"]
[BlackElo "1815"]
[Annotator "rs"]
[PlyCount "92"]
[EventDate "2012.??.??"]
[Source "FV Schach e.V."]
[SourceDate "2012.10.14"]
[WhiteTeam "Sparkassenvers. Stuttgart II"]
[BlackTeam "SG Stern Stuttgart II"]
[WhiteTeamCountry "GER"]
[BlackTeamCountry "GER"]

1. d4 Nf6 2. c4 e6 3. Nc3 d5 4. Nf3 c6 5. Bg5 Be7 6. e3 Nbd7 7. Bd3 dxc4 8.
Bxc4 Nd5 9. Bxe7 Qxe7 10. e4 Nxc3 11. bxc3 b5 12. Bb3 Bb7 13. O-O O-O 14. Ne5
Nxe5 15. dxe5 Rfd8 16. Qe2 Qc5 17. Qh5 a5 18. Rac1 a4 19. Bc2 Rd2 20. Bb1 Rad8
21. Rcd1 Qxc3 22. Rxd2 Qxd2 23. f4 Qd4+ 24. Kh1 c5 25. Qe2 Qc4 26. Qf2 Bxe4 27.
Bxe4 Qxe4 28. Qxc5 Qc4 29. Qf2 Qd4 30. g3 Qxf2 31. Rxf2 b4 32. Kg2 Rd3 33. Rb2
b3 34. axb3 Rxb3 35. Rc2 g6 36. Rc7 a3 37. Kh3 Rb2 38. Ra7 a2 39. g4 Kf8 40.
Kg3 Ke8 41. g5 Kd8 42. h4 Kc8 43. Kf3 Kb8 44. Ra3 Kb7 45. Ke3 Kc6 46. Kd3 Rb3+
0-1